Connecting gender and ageing : a sociological approach

Αποθηκεύτηκε σε:
Λεπτομέρειες βιβλιογραφικής εγγραφής
Άλλοι συγγραφείς: Arber, Sara 1949- (Επιμελητής έκδοσης), Ginn, Jay (Επιμελητής έκδοσης)
Μορφή: Βιβλίο
Γλώσσα:English
Δημοσίευση: Philadelphia : Open University Press, c1995
Θέματα:
Ετικέτες: Προσθήκη ετικέτας
Δεν υπάρχουν, Καταχωρήστε ετικέτα πρώτοι!

MARC

LEADER 00000nam a2200000 i 4500
001 1/65168
008 990108s1995 eng d
020 |a 0-335-19470-2 
035 |l 10047088 
040 |a GR-MY-UA  |b gre  |e aacr 
041 0 |a eng 
082 0 |a 305.26 
245 1 0 |a Connecting gender and ageing :  |b a sociological approach /  |c Edited by Sara Arber and Jay Ginn 
260 |a Philadelphia :   |b Open University Press,   |c c1995 
300 |a 212 p.  |b fig.; tables 
504 |a Includes bibliographical references and index 
650 0 0 |a Older people  |x Attitudes. 
650 0 0 |a Man-woman relationships. 
700 1 |a Arber, Sara  |d 1949-  |4 edt 
700 1 |a Ginn, Jay.  |4 edt 
852 |a INST  |b LESVOS  |e 19990108  |h 305.26 CON  |p 005100017141  |q 005100017141  |t BK  |y 0 
901 |a BIBL-1999-1 
909 |a Λ  |b 061051 
922 |a 1ΕΛΗ  |b 199811  |c ΚΠΣ/ΤΚ  |d ΠΑΠΑΣΩΤΗΡΙΟΥ 
950 |a  103-1998-07-27